<?xml version="1.0" encoding="UTF-8"?>
<record
    xmlns:xsi="http://www.w3.org/2001/XMLSchema-instance"
    xsi:schemaLocation="http://www.loc.gov/MARC21/slim http://www.loc.gov/standards/marcxml/schema/MARC21slim.xsd"
    xmlns="http://www.loc.gov/MARC21/slim">

  <leader>02199    a2200253   4500</leader>
  <controlfield tag="001">56894</controlfield>
  <controlfield tag="005">20260407155832.0</controlfield>
  <controlfield tag="008">260407a1994    arg                 spa d</controlfield>
  <controlfield tag="003">AR-UNSa-BCEJYS</controlfield>
  <datafield tag="040" ind1=" " ind2=" ">
    <subfield code="a">AR-UNSa-BCEJYS</subfield>
    <subfield code="b">spa</subfield>
    <subfield code="c">AR-UNSa-BCEJYS</subfield>
  </datafield>
  <datafield tag="080" ind1=" " ind2=" ">
    <subfield code="a">330.13</subfield>
    <subfield code="x">Rentabilidad. Principio econ&#xF3;mico. Utilidad. Valor. Principio del valor</subfield>
  </datafield>
  <datafield tag="245" ind1="1" ind2="0">
    <subfield code="a">Cost-benefit analysis</subfield>
  </datafield>
  <datafield tag="020" ind1=" " ind2=" ">
    <subfield code="a">0-521-46674-1</subfield>
  </datafield>
  <datafield tag="250" ind1=" " ind2=" ">
    <subfield code="a">2a. ed.</subfield>
  </datafield>
  <datafield tag="264" ind1=" " ind2="1">
    <subfield code="a">Cambridge :</subfield>
    <subfield code="b">Cambridge University Press</subfield>
    <subfield code="c">1994</subfield>
  </datafield>
  <datafield tag="300" ind1=" " ind2=" ">
    <subfield code="a">x, 497 p.</subfield>
    <subfield code="c">26 cm.</subfield>
  </datafield>
  <datafield tag="505" ind1=" " ind2=" ">
    <subfield code="a">1. Shadow prices and markets: Policy reform shadow prices and market prices &#x2013; 2. Shadow prices and markets: Feasibility constraints foreign exchange and shadow wages &#x2013; 3. Discount rate: The rate of discount for benefitcost analysis and the theory of the second best &#x2013; 4. Risk and uncertainty: Uncertainty and the evaluation of public investment decisions &#x2013; 5. Income distribution: Allowing for income distribution &#x2013; 6. The costs and benefits of analysis: Project appraisal and planning twenty years on &#x2013; 7. Time saving: Research into the value of time &#x2013; 8. Safety and the saving of life: The theory of equalizing differences &#x2013; 9. Safety and the saving of life: The economics of safety and physical risk &#x2013; 10. The environment: The environment and emerging development issues &#x2013; 11. Exhaustible resources: Resource depletion research and development and the social rate of discount &#x2013; 12. Regulation and deregulation: Enhancing the performance of the deregulated air transportation system &#x2013; 13. Pricing: Pricing and congestion Economic principles relevant to pricing roads &#x2013; 14. Public transport: The allocation of urban public transport subsidy &#x2013; 15. Health care: QALYs and the equityefficiency tradeoff &#x2013; 16. Infrastructure: Water vending activities in developing countries &#x2013; 17. The Environment: Assessing the social rate of return from investment in temperate zone forestry</subfield>
  </datafield>
  <datafield tag="041" ind1=" " ind2=" ">
    <subfield code="a">spa</subfield>
  </datafield>
  <datafield tag="942" ind1=" " ind2=" ">
    <subfield code="c">BK</subfield>
  </datafield>
  <datafield tag="590" ind1=" " ind2=" ">
    <subfield code="a">niveau_biblio:m niveau_hierar:0</subfield>
  </datafield>
  <datafield tag="100" ind1="1" ind2=" ">
    <subfield code="a">Layard, Richard</subfield>
  </datafield>
  <datafield tag="700" ind1="1" ind2=" ">
    <subfield code="a">Glaister, Stephen</subfield>
  </datafield>
  <datafield tag="856" ind1="4" ind2="1">
    <subfield code="u">https://biblioeco.unsa.edu.ar/pmb/images/libros/L128626.jpg</subfield>
    <subfield code="y">Imagen de portada</subfield>
    <subfield code="q">image/jpeg</subfield>
  </datafield>
  <datafield tag="999" ind1=" " ind2=" ">
    <subfield code="c">6065</subfield>
    <subfield code="d">6065</subfield>
  </datafield>
  <datafield tag="952" ind1=" " ind2=" ">
    <subfield code="0">0</subfield>
    <subfield code="1">0</subfield>
    <subfield code="4">0</subfield>
    <subfield code="7">0</subfield>
    <subfield code="a">BCEJYS</subfield>
    <subfield code="b">BCEJYS</subfield>
    <subfield code="c">16</subfield>
    <subfield code="d">2026-04-07</subfield>
    <subfield code="l">0</subfield>
    <subfield code="o">330.13 L426 2ed.</subfield>
    <subfield code="p">L128626</subfield>
    <subfield code="r">2026-04-07 15:58:32</subfield>
    <subfield code="w">2026-04-07</subfield>
    <subfield code="y">L</subfield>
  </datafield>
</record>
